Loading...
Critics and criticism Ancient and modern /
| Main Author: | |
|---|---|
| Language: | Undetermined |
| Published: |
1952.
|
| LEADER | 00366nam a2200121Ia 4500 | ||
|---|---|---|---|
| 001 | 31596 | ||
| 008 | 170722s9999 xx 000 0 und d | ||
| 100 | |a Crane, Rs | ||
| 245 | |a Critics and criticism |b Ancient and modern / | ||
| 260 | |c 1952. | ||
| 942 | |c GEN | ||
| 999 | |c 49062 |d 49062 | ||
| 952 | |0 0 |1 0 |4 0 |6 O_G_J23 |7 0 |9 69399 |a LIB |b LIB |d 2017-08-12 |o O:(g) J23 |p 61096 |r 2017-08-12 |w 2017-08-12 |y GEN | ||